Doña Milagros / (Record no. 161371)

MARC details
000 -LEADER
campo de control de longitud fija 00889nam a2200229 i 4500
001 - NÚMERO DE CONTROL
campo de control 161371
003 - IDENTIFICADOR DE NÚMERO DE CONTROL
campo de control ES-MaACL
005 - FECHA Y HORA DE LA ÚLTIMA TRANSACCIÓN
campo de control 20250303062545.0
008 - DATOS DE LONGITUD FIJA--INFORMACIÓN GENERAL
campo de control de longitud fija 950614q1894 sp |||| | spa d
080 ## - NÚMERO DE LA CLASIFICACIÓN DECIMAL UNIVERSAL
Número de la Clasificación Decimal Universal 821.134.2-31"18"
100 1# - ENTRADA PRINCIPAL--NOMBRE DE PERSONA
Nombre de persona Pardo Bazán, Emilia,
Títulos y otros términos asociados al nombre Condesa de,
Fechas asociadas al nombre 1851-1921
9 (RLIN) 176434
245 10 - MENCIÓN DEL TÍTULO
Título Doña Milagros /
Mención de responsabilidad, etc. Emilia Pardo Bazán.
260 ## - PUBLICACIÓN, DISTRIBUCIÓN, ETC.
Lugar de publicación, distribución, etc. Madrid :
Nombre del editor, distribuidor, etc. Administración calle de S. Bernardo, 37,
Fecha de publicación, distribución, etc. [ca. 1894] (
Fabricante Agustín Avrial, Imp.)
300 ## - DESCRIPCIÓN FÍSICA
Extensión 301 p. ;
Dimensiones 19 cm.
490 1# - MENCIÓN DE SERIE
Mención de serie Obras completas de Emilia Pardo Bazán ;
Designación de volumen o secuencia 11
530 ## - NOTA DISPONIBLE DE FORMULARIO FÍSICO ADICIONAL
Nota de formato físico adicional disponible Disponible en formato digital.
830 0# - PUNTO DE ACCESO ADICIONAL DE SERIE-TÍTULO UNIFORME
Título uniforme Obras completas de Emilia Pardo Bazán ;
Designación de volumen o secuencia 11
9 (RLIN) 176456
852 ## - LOCALIZACIÓN
Ubicación ES-MaACL
Número de control de estantería B-4090
Nota libre - Enc. hol., conservando cub. original
856 ## - LOCALIZACIÓN Y ACCESO ELECTRÓNICOS
Identificador Uniforme de Recursos <a href="https://academia.gal/biblioteca-virtual-monografias#paxinas.do?id=307">https://academia.gal/biblioteca-virtual-monografias#paxinas.do?id=307</a>
Nota pública Real Academia Galega
942 ## - ELEMENTOS DE ENTRADA SECUNDARIOS (KOHA)
Fuente del sistema de clasificación o colocación Clasificación decimal universal
Holdings
Estatus retirado Estado de pérdida Estado de daño No para préstamo Colección Biblioteca de origen Biblioteca actual Ubicación en estantería Fecha de adquisición Fuente de adquisición Total de préstamos Signatura topográfica completa Código de barras Visto por última vez Precio de reemplazo Tipo de ítem Koha
        Colección digital Biblioteca del Ateneo de Madrid Biblioteca del Ateneo de Madrid Sala Pardo Bazán 17/01/2008     B-4090 1169033 23/02/2023 23/02/2023 Libro impreso antiguo